Statistics for Brand Logos Quiz #1

Click here to take the quiz!

General Stats

  • This quiz has been taken 216,405 times
  • The average score is 15 of 20

Answer Stats

Answer % Correct
Apple
97%
Amazon
96%
Pepsi
95%
KFC
95%
Adidas
94%
Shell
94%
Wikipedia
92%
Monster
90%
Pringles
87%
Taco Bell
84%
PlayStation
84%
Pizza Hut
83%
Target
77%
BP
62%
Dolby
52%
Atari
48%
Firestone
41%
JetPunk
37%
Yamaha
31%
Xerox
22%

Score Distribution

Percentile by Number Answered

Percent of People with Each Score

Your Score History

You have not taken this quiz